Дело о распоряжениях для коронации по Московской дворцовой конторе

Доступно только в Электронных читальных залах Найти на картеНа карте
RUSMARC
00003486nmc2a22002413x 450
001c4c43b39-32ee-4e76-bae1-2022b3c66f4f
00520241225005208.0
100##$a20240826l18551858k l0rusy0189 ca
1010#$arus
102##$aRU
105##$ay###
1222#$ad
2001#$aДело о распоряжениях для коронации по Московской дворцовой конторе
$j19 ноября 1855 г. - 31 октября 1858 г.
215##$a512 л.
$d36,5х26 см
251##$cДело
300##$aДело
371##$aДокумент не является опубликованным и широко распространяемым
461#0$100108cd6ec2-be9a-457f-a0b6-fa449e506316
$12001
$aКанцелярия Министерства Императорского двора
$1251
$cФонд
$1852
$j472
462#0$10015265e818-b7f3-4da1-9e39-1aec072863ce
$12001
$aКанцелярия Министерства Императорского двора
$1251
$cОпись
$1852
$j9
801#0$aRU
$bРГИА
$c20240826
$gRCR
801#1$aRU
$bГлавНИВЦ
$c20240826
$2rusmarc
801#2$aRU
$bПБ им. Б.Н. Ельцина
$c20241225
$gRCR
$2rusmarc
850##$aРГИА
852##$aРГИА
$eФедеральное казенное учреждение "Российский государственный исторический архив" (РГИА)
$j69
937##$hРГИА
$d12418559
$aASBIBLIO_SCAN
035##$aRusGRCC00081248
856##$uhttp://readingroom.main.prlib.ru/item.aspx?id_node=n195644647&mode=full
Формат отображения